| 000 | 00619cam a2200217 4500 | ||
|---|---|---|---|
| 001 | WB3549-25 | ||
| 008 | 000000n1999 000 0 eng u | ||
| 035 | _a(Sirsi) u103221 | ||
| 245 | _aLand reform package to abolish feudal system | ||
| 260 | _c1999 | ||
| 490 |
_aHerald _v 16 December 1999, 6(1) |
||
| 520 | _aA reform bill is currently being prepared, which will take steps towards abolishing the feudal system in Scotland. | ||
| 590 | _aWB | ||
| 650 | _aSCOTLAND | ||
| 650 | _aFEUDAL SYSTEM | ||
| 650 | _aREFORM | ||
| 650 | _aLAND TENURE | ||
| 650 | _aOWNER-OCCUPIERS | ||
| 690 | _aLAND | ||
| 942 | _n0 | ||
| 999 |
_c62042 _d62042 |
||